000 01045nmm a2200301 a 4500
001 ocm0001917041
003 TR-IsHL
005 20201028174310.0
008 180919s2017 tu tur
007 cr cn
020 _a9786055218799
035 _a1917041
_b(N$T)
050 0 4 _aDR498
_b.C53 2017
090 0 4 _aDR498
_b.C53 2017
100 1 _aÇibir, Şaban
245 1 0 _aSultan II. Murat: Altaylardan Tuna'ya islamın kılıcı
_h[electronic resource] /
_cŞaban Çibir
250 _a2. Basım
260 _aİstanbul :
_bParola Yayınları,
_c2017
300 _a144 p.
650 4 _aTarih
650 4 _aHistory
650 0 _aSultan II. Murat, Sultan of the Turks.
650 0 _aSultan II. Murat, Türk Sultanı.
650 0 _aTurkey
_xHistory
_x Ottoman Empire, 1288-1453.
650 0 _aTürkiye
_xTarih
_xOsmanlı İmparatorluğu, 1288-1453.
650 7 _aHISTORY / Middle East / Turkey & Ottoman Empire
_2bisacsh
856 4 0 _uhttp://search.ebscohost.com/login.aspx?direct=true&scope=site&db=e011xww&AN=1917041
999 _c18073
_d18073